[Event "32nd Pula Open 2018"]
[Site "Pula"]
[Date "2018.06.29"]
[Round "8"]
[White "Gumularz, Szymon"]
[Black "Christensen, Jan"]
[Result "1-0"]
[WhiteElo "2452"]
[BlackElo "2181"]
[Annotator "ChessBase"]
[PlyCount "41"]
[EventDate "2018.??.??"]
[EventCountry "CRO"]
[SourceTitle "playchess.com"]
[Source "ChessBase"]
[SourceQuality "1"]
[TimeControl "5400+30"]

1. e4 e5 2. Nf3 Nc6 3. Bc4 Bc5 4. c3 Nf6 5. d3 d6 6. Nbd2 a6 7. Bb3 Ba7 8. O-O h6 9. Re1 g5 10. Nf1 g4 11. N3d2 h5 12. Nc4 h4 13. Be3 h3 14. g3 d5 15. exd5 Qxd5 16. f3 gxf3 17. Qd2 Ng4 18. Nxe5 f2+ 19. Qxf2 Nxf2 20. Bxd5 Nxe5 21. Bxf2 1-0

[Event "32nd Pula Open 2018"]
[Site "Pula"]
[Date "2018.06.29"]
[Round "8"]
[White "Haria, Ravi"]
[Black "Tratar, Marko"]
[Result "1/2-1/2"]
[WhiteElo "2440"]
[BlackElo "2449"]
[Annotator "ChessBase"]
[PlyCount "69"]
[EventDate "2018.??.??"]
[EventCountry "CRO"]
[SourceTitle "playchess.com"]
[Source "ChessBase"]
[SourceQuality "1"]
[TimeControl "5400+30"]

1. Nf3 b6 2. g3 Bb7 3. Bg2 g6 4. O-O Bg7 5. c4 c5 6. Nc3 Nc6 7. b3 e6 8. Bb2 Nge7 9. Qc1 O-O 10. Nb5 d5 11. Bxg7 Kxg7 12. Qb2+ Kg8 13. cxd5 Nxd5 14. Rfd1 a6 15. Na3 Qe7 16. Nc4 b5 17. Nce5 Nxe5 18. Nxe5 f6 19. Nc4 Nb4 20. Bxb7 Qxb7 21. Ne3 e5 22. Rac1 Rac8 23. a3 Nd5 24. Nxd5 Qxd5 25. d3 Rc6 26. Rc3 Rfc8 27. Rdc1 Kg7 28. R1c2 R6c7 29. Qc1 Rc6 30. Qf1 R8c7 31. Qg2 Qxg2+ 32. Kxg2 Kf7 33. Kf3 Ke6 34. Ke3 h5 35. h4 1/2-1/2

[Event "32nd Pula Open 2018"]
[Site "Pula"]
[Date "2018.06.29"]
[Round "8"]
[White "Loncar, Robert"]
[Black "Babic, Zvonko"]
[Result "1-0"]
[WhiteElo "2423"]
[BlackElo "2208"]
[Annotator "TA"]
[PlyCount "62"]
[EventDate "2018.??.??"]
[EventCountry "CRO"]
[SourceTitle "playchess.com"]
[Source "ChessBase"]
[SourceQuality "1"]

{[%evp 17,62,25,35,13,47,44,52,39,26,-14,43,38,41,24,52,39,54,28,31,0,54,30,72,72,102,32,52,53,93,85,142,104,112,105,106,70,70,63,70,66,70,41,74,62,67,42,63]} 1. d4 d5 2. c4 e6 3. Nf3 c6 4. Nbd2 Nf6 5. Qc2 Nbd7 6. g3 Bd6 7. Bg2 O-O 8. O-O Re8 9. Rd1 Qe7 {LiveBook: 105 Games} 10. Nh4 {E01: Catalan: Early deviations} (10. e4 Nxe4 11. Nxe4 dxe4 12. Qxe4 e5 13. Bg5 Qf8 14. dxe5 Nxe5 15. Nxe5 Rxe5 16. Qd4 Rxg5 17. Qxd6 Qxd6 18. Rxd6 Be6 19. Rc1 Rc5 20. b3 Kf8 21. f4 {½-½ (48) Dubov,D (2660)-Smirnov,P (2595) Khanty-Mansiysk 2016}) 10... Nf8 11. e4 dxe4 {[#] Strongly threatening ...g5.} 12. Nxe4 Nxe4 13. Qxe4 $146 ({Predecessor:} 13. Bxe4 Ng6 14. Nxg6 hxg6 15. Be3 e5 16. d5 c5 17. Qd2 Bf5 {½-½ (41) Peto,P-Sekret,R LSS email 2007}) 13... Bd7 (13... e5 $11) 14. Nf3 Rad8 15. Be3 Bc8 16. a3 Nd7 17. h3 a6 18. Re1 $40 {[%mdl 128] White has some attack.} (18. Bg5 {seems wilder.} f6 19. Be3 Qf7 20. Rac1 e5 21. d5) 18... Qf8 (18... e5 $11) 19. Bf4 Nf6 20. Qe3 Nd7 21. Rad1 ({White should play} 21. Bxd6 $16 Qxd6 22. c5) 21... Bxf4 $14 22. Qxf4 Nb6 23. Bf1 Na4 (23... Qe7 $142) 24. Qc1 {And now c5 would win.} Nb6 25. Qe3 Nd7 26. Rd3 b5 27. Rc3 Qd6 28. Bg2 Bb7 29. c5 Qb8 30. Rd3 Nf6 31. Nd2 Qc7 {Precision: White = 42%, Black = 39%.} 1-0

[Event "32nd Pula Open 2018"]
[Site "Pula"]
[Date "2018.06.29"]
[Round "8"]
[White "Horton, Andrew P"]
[Black "Guid, Matej"]
[Result "1-0"]
[WhiteElo "2407"]
[BlackElo "2358"]
[Annotator "ChessBase"]
[PlyCount "81"]
[EventDate "2018.??.??"]
[EventCountry "CRO"]
[SourceTitle "playchess.com"]
[Source "ChessBase"]
[SourceQuality "1"]
[TimeControl "5400+30"]

1. Nf3 Nf6 2. c4 e6 3. g3 d5 4. Bg2 Be7 5. O-O O-O 6. b3 d4 7. Bb2 c5 8. e3 Nc6 9. exd4 cxd4 10. Re1 Re8 11. d3 Bc5 12. a3 a5 13. Ne5 Nxe5 14. Rxe5 Nd7 15. Re1 e5 16. Nd2 Ra6 17. Rb1 Rb6 18. Bc1 Nf6 19. Ne4 Nxe4 20. Bxe4 Qd6 21. Bd2 Ra6 22. b4 axb4 23. axb4 Ba7 24. f4 Qf6 25. fxe5 Rxe5 26. Ra1 g6 27. Bf4 Ree6 28. Rxa6 bxa6 29. Bd5 Re3 30. Bxe3 dxe3 31. Qf3 Bf5 32. c5 Qd4 33. Bc4 e2+ 34. Kg2 Qd7 35. Qd5 Qe7 36. Qf3 a5 37. Rxe2 Qf6 38. g4 Qg5 39. h4 Qxh4 40. gxf5 axb4 41. fxg6 1-0

[Event "32nd Pula Open 2018"]
[Site "Pula"]
[Date "2018.06.29"]
[Round "8"]
[White "Mcphillips, Joseph"]
[Black "Zelcic, Robert"]
[Result "1/2-1/2"]
[WhiteElo "2399"]
[BlackElo "2499"]
[Annotator "TA"]
[PlyCount "88"]
[EventDate "2018.??.??"]
[EventCountry "CRO"]
[SourceTitle "playchess.com"]
[Source "ChessBase"]
[SourceQuality "1"]

{[%evp 16,88,1,2,16,0,4,10,20,25,27,16,18,-2,-4,0,5,-7,28,17,23,0,19,6,3,12,12,12,11,0,7,0,13,13,20,17,18,4,8,0,0,0,5,6,6,6,20,8,7,18,18,11,17,12,21,16,29,22,87,10,9,0,86,81,89,23,19,52,150,0,8,0,133,0,8]} 1. e4 c6 2. Nf3 d5 3. Nc3 Bg4 4. h3 Bxf3 5. Qxf3 e6 6. a3 Nd7 {B11: Caro-Kann: Two Knights Variation} 7. g3 Ngf6 8. Bg2 Bc5 9. d3 {LiveBook: 30 Games} Bd4 10. Nd1 O-O 11. O-O b5 12. Qe2 Qc7 $146 ({Predecessor:} 12... Rc8 13. Bf4 e5 14. Bg5 dxe4 15. dxe4 Re8 16. c3 Bc5 17. b4 Be7 18. a4 a5 19. axb5 axb4 20. bxc6 Rxc6 21. cxb4 Bxb4 {½-½ (21) Kojovic,D (2387)-Sumets,A (2571) Cetinje 2016}) 13. Bf4 e5 14. Bg5 dxe4 15. dxe4 h6 16. Bd2 Rfe8 17. a4 a6 18. c3 Bb6 19. b4 bxa4 20. Nb2 a5 21. Nxa4 Ba7 22. bxa5 Qxa5 23. Nb2 Qc7 24. Nc4 Bc5 25. Be3 Reb8 26. Kh2 Kh7 27. Qf3 Bxe3 28. Qxe3 Rxa1 29. Rxa1 Nb6 30. Bf1 Ne8 31. Kg2 Nxc4 32. Bxc4 Nd6 33. Ra7 Qb6 34. Qxb6 Rxb6 35. Bxf7 {Black should prevent h4.} Nxe4 $11 {[%mdl 4096] Endgame KRB-KRN} 36. h4 {Black must now prevent h5.} h5 (36... Rb2 $11) 37. Be6 ({Better is} 37. Bxh5 $16 {And now Re7 would win.} Rb2 38. Kf3 Nd2+ 39. Kg4) 37... Kg6 38. Bf7+ Kh6 (38... Kh7 $11 {remains equal.}) 39. Re7 $16 {aiming for Re8.} Rb2 40. Re6+ (40. Kf3 $1 $16 {[%cal Rf3e4]} Nf6 41. Re6 (41. Rxe5 Rxf2+ 42. Kxf2 Ng4+ 43. Ke2 Nxe5 $11)) 40... g6 $1 $11 41. Kf3 Nd2+ {[#]} (41... Rxf2+ $14 42. Kxe4 Rxf7) 42. Kg2 (42. Ke3 $1 $16) 42... Ne4 43. Kf3 ({White should play} 43. Kg1 $11 Rxf2 44. Bxg6) 43... Nd2+ $1 $16 {[#]} 44. Kg2 (44. Ke3 $1 $16) 44... Ne4 {Precision: White = 44%, Black = 56%.} 1/2-1/2

[Event "32nd Pula Open 2018"]
[Site "Pula"]
[Date "2018.06.29"]
[Round "8"]
[White "Zufic, Miroslav"]
[Black "Karsay, Pascal"]
[Result "1-0"]
[WhiteElo "2384"]
[BlackElo "2227"]
[Annotator "NA"]
[PlyCount "28"]
[EventDate "2018.??.??"]
[EventCountry "CRO"]
[SourceTitle "playchess.com"]
[Source "ChessBase"]
[SourceQuality "1"]
[TimeControl "5400+30"]

1. d4 Nf6 2. Nf3 e6 3. e3 b6 4. Bd3 Bb7 5. O-O Be7 6. c4 O-O 7. Nc3 d5 8. cxd5 exd5 9. b3 Nbd7 10. Bb2 c5 11. Ne5 cxd4 12. exd4 Ne4 13. Ne2 Rc8 14. f3 Nd6 1-0

[Event "32nd Pula Open 2018"]
[Site "Pula"]
[Date "2018.06.29"]
[Round "8"]
[White "Popovic, Milan S"]
[Black "Fercec, Nenad"]
[Result "0-1"]
[WhiteElo "2264"]
[BlackElo "2436"]
[Annotator "ChessBase"]
[PlyCount "72"]
[EventDate "2018.??.??"]
[EventCountry "CRO"]
[SourceTitle "playchess.com"]
[Source "ChessBase"]
[SourceQuality "1"]
[TimeControl "5400+30"]

1. e4 e5 2. Nc3 Nf6 3. Bc4 Nxe4 4. Qh5 Nd6 5. Bb3 Be7 6. Qxe5 O-O 7. d4 c6 8. Nge2 Ne8 9. O-O d5 10. Bf4 Nd7 11. Qe3 Nd6 12. Qd2 Nb6 13. Rad1 Nbc4 14. Bxc4 Nxc4 15. Qc1 Bf5 16. Ng3 Bg6 17. Be3 h5 18. b3 Nd6 19. Nge2 h4 20. f3 Re8 21. Qd2 Nf5 22. Nb1 Bh7 23. c3 g5 24. Rfe1 f6 25. Bf2 Bd6 26. g4 Ng7 27. c4 Bc7 28. Kg2 Qd6 29. Bg1 Re7 30. Nbc3 a6 31. c5 Qd7 32. Nc1 Ne6 33. b4 Rae8 34. a4 Bf4 35. Be3 Bxe3 36. Rxe3 Nf4+ 0-1

[Event "32nd Pula Open 2018"]
[Site "Pula"]
[Date "2018.06.30"]
[Round "9"]
[White "Zelcic, Robert"]
[Black "Filipovic, Branko"]
[Result "1/2-1/2"]
[WhiteElo "2499"]
[BlackElo "2378"]
[Annotator "ChessBase"]
[PlyCount "96"]
[EventDate "2018.??.??"]
[EventCountry "CRO"]
[SourceTitle "playchess.com"]
[Source "ChessBase"]
[SourceQuality "1"]
[TimeControl "5400+30"]

1. e4 e6 2. d4 d5 3. Nc3 a6 4. Bd3 c5 5. dxc5 Nf6 6. exd5 Nxd5 7. Nxd5 Qxd5 8. Nf3 Bxc5 9. O-O O-O 10. Qe2 Nc6 11. Rd1 Qh5 12. Be4 Re8 13. Be3 Ne5 14. Bxc5 Nxf3+ 15. Qxf3 Qxc5 16. c3 Qc7 17. Rd2 Rb8 18. Rad1 e5 19. Bd5 Qe7 20. h3 g6 21. c4 Kg7 22. Qc3 f6 23. b4 Rd8 24. Re1 g5 25. Red1 Bd7 26. Qc2 Be8 27. c5 Bg6 28. Be4 Rxd2 29. Rxd2 Bxe4 30. Qxe4 Rc8 31. Rd6 Rc7 32. Qf5 Qf7 33. a3 Re7 34. a4 e4 35. b5 axb5 36. axb5 Re5 37. Qc8 Qc4 38. Qd7+ Kg6 39. c6 e3 40. fxe3 Rxe3 41. Rd1 bxc6 42. bxc6 Qe4 43. Qd4 Re1+ 44. Kh2 Qxd4 45. Rxd4 Rc1 46. Rd6 Kf5 47. h4 gxh4 48. Rd5+ Ke6 1/2-1/2

[Event "32nd Pula Open 2018"]
[Site "Pula"]
[Date "2018.06.30"]
[Round "9"]
[White "Tratar, Marko"]
[Black "McPhillips, Joseph"]
[Result "1/2-1/2"]
[WhiteElo "2449"]
[BlackElo "2399"]
[Annotator "ChessBase"]
[PlyCount "28"]
[EventDate "2018.??.??"]
[EventCountry "CRO"]
[SourceTitle "playchess.com"]
[Source "ChessBase"]
[SourceQuality "1"]
[TimeControl "5400+30"]

1. c4 e6 2. g3 d5 3. Bg2 Nf6 4. Nf3 Be7 5. O-O O-O 6. b3 d4 7. e3 c5 8. exd4 cxd4 9. Bb2 Nc6 10. Re1 Re8 11. d3 Bb4 12. Nbd2 e5 13. a3 Bc3 14. Qc2 Bf5 1/2-1/2

[Event "32nd Pula Open 2018"]
[Site "Pula"]
[Date "2018.06.30"]
[Round "9"]
[White "Haria, Ravi"]
[Black "Fernandez, Daniel Howard"]
[Result "1/2-1/2"]
[WhiteElo "2440"]
[BlackElo "2485"]
[Annotator "ChessBase"]
[PlyCount "27"]
[EventDate "2018.??.??"]
[EventCountry "CRO"]
[SourceTitle "playchess.com"]
[Source "ChessBase"]
[SourceQuality "1"]
[TimeControl "5400+30"]

1. Nf3 d6 2. d4 Bg4 3. e4 Nd7 4. h3 Bxf3 5. Qxf3 g6 6. Bd3 Bg7 7. c3 c5 8. d5 a6 9. a4 Ne5 10. Qe2 Nxd3+ 11. Qxd3 Nf6 12. O-O O-O 13. Be3 b5 14. axb5 1/2-1/2

[Event "32nd Pula Open 2018"]
[Site "Pula"]
[Date "2018.06.30"]
[Round "9"]
[White "Fercec, Nenad"]
[Black "Gumularz, Szymon"]
[Result "1/2-1/2"]
[WhiteElo "2436"]
[BlackElo "2452"]
[Annotator "ChessBase"]
[PlyCount "25"]
[EventDate "2018.??.??"]
[EventCountry "CRO"]
[SourceTitle "playchess.com"]
[Source "ChessBase"]
[SourceQuality "1"]
[TimeControl "5400+30"]

1. e4 c5 2. Nf3 d6 3. d4 cxd4 4. Nxd4 Nf6 5. Nc3 Nc6 6. Bg5 Bd7 7. Be2 a6 8. Bxf6 gxf6 9. Nf5 Qa5 10. O-O O-O-O 11. a3 Qe5 12. Bd3 e6 13. Ne3 1/2-1/2

[Event "32nd Pula Open 2018"]
[Site "Pula"]
[Date "2018.06.30"]
[Round "9"]
[White "Schnider, Gert"]
[Black "Mihalinec, Damir"]
[Result "1-0"]
[WhiteElo "2422"]
[BlackElo "2203"]
[Annotator "ChessBase"]
[PlyCount "87"]
[EventDate "2018.??.??"]
[EventCountry "CRO"]
[SourceTitle "playchess.com"]
[Source "ChessBase"]
[SourceQuality "1"]
[TimeControl "5400+30"]

1. e4 c5 2. Nf3 d6 3. d4 cxd4 4. Nxd4 Nf6 5. Nc3 g6 6. Be3 Bg7 7. f3 O-O 8. Qd2 Nc6 9. g4 Bxg4 10. fxg4 Nxg4 11. Nb3 a5 12. a4 Nb4 13. O-O-O Rc8 14. Kb1 Nxe3 15. Qxe3 e6 16. h4 Qc7 17. Nd4 d5 18. exd5 Bxd4 19. Qxd4 Nxd5 20. Nxd5 Qxc2+ 21. Ka1 exd5 22. h5 Qe4 23. Rh4 Qxd4 24. Rhxd4 Rfd8 25. Bg2 Rc2 26. Bxd5 Rb8 27. Rf1 Rc7 28. Rdf4 Rf8 29. h6 Rd7 30. Bc4 Re7 31. Ka2 Rd7 32. Kb3 Rc7 33. R1f3 Rd7 34. Rf6 Rc7 35. Kc3 Rfc8 36. b3 Rd7 37. Re3 Kf8 38. Re5 Ra8 39. Rb5 Rc7 40. Kd4 Ke8 41. Bd5 Ra7 42. Rc5 Re7 43. Rc8+ Kd7 44. Rf8 1-0

[Event "32nd Pula Open 2018"]
[Site "Pula"]
[Date "2018.06.30"]
[Round "9"]
[White "Zufic, Miroslav"]
[Black "Plenca, Jadranko"]
[Result "1/2-1/2"]
[WhiteElo "2384"]
[BlackElo "2482"]
[Annotator "ChessBase"]
[PlyCount "118"]
[EventDate "2018.??.??"]
[EventCountry "CRO"]
[SourceTitle "playchess.com"]
[Source "ChessBase"]
[SourceQuality "1"]
[TimeControl "5400+30"]

1. e4 e5 2. Nf3 Nc6 3. Bb5 Bc5 4. c3 Nf6 5. d3 d6 6. Nbd2 Bd7 7. O-O O-O 8. b4 Bb6 9. Nc4 Ne7 10. Bxd7 Qxd7 11. a4 c6 12. Nxb6 axb6 13. Be3 Qc7 14. Nd2 Ng6 15. g3 d5 16. Qf3 Rfd8 17. c4 d4 18. Bg5 Rd6 19. Nb3 c5 20. Bd2 cxb4 21. Bxb4 Rc6 22. Ra2 h5 23. a5 bxa5 24. Rxa5 Rxa5 25. Bxa5 Qc8 26. Bd2 Qh3 27. Qg2 Qd7 28. Rb1 b6 29. Ra1 b5 30. Na5 Ra6 31. Rb1 bxc4 32. Nxc4 Ra2 33. h3 h4 34. g4 Qa7 35. Qf3 Nd7 36. Qf5 Ra1 37. Rxa1 Qxa1+ 38. Kg2 Qa7 39. g5 Qc7 40. Ba5 Qc6 41. Bd2 Qc7 42. Ba5 Qa7 43. Bd2 Nc5 44. Nxe5 Nxe5 45. Qxe5 Nxd3 46. Qd5 Qb6 47. Qa8+ Kh7 48. Qd5 Qa7 49. Qf5+ g6 50. Qf6 Qa2 51. Kf3 Ne5+ 52. Qxe5 Qxd2 53. Qf4 Qc3+ 54. Kg2 Kg7 55. Qe5+ Kh7 56. Qd5 Kg8 57. Qd8+ Kg7 58. Qf6+ Kg8 59. Qd8+ Kg7 1/2-1/2

[Event "32nd Pula Open 2018"]
[Site "Pula"]
[Date "2018.06.30"]
[Round "9"]
[White "Franic, Milan"]
[Black "Loncar, Robert"]
[Result "0-1"]
[WhiteElo "2379"]
[BlackElo "2423"]
[Annotator "NA"]
[PlyCount "130"]
[EventDate "2018.??.??"]
[EventCountry "CRO"]
[SourceTitle "playchess.com"]
[Source "ChessBase"]
[SourceQuality "1"]
[TimeControl "5400+30"]

1. d4 d5 2. c4 e6 3. Nc3 Nf6 4. Bg5 dxc4 5. e4 c5 {D50: Queen's Gambit Declined: Dutch-Peruvian Gambit} 6. d5 Be7 {LiveBook: 7 Games} 7. Bxf6 Bxf6 8. Bxc4 exd5 9. Bxd5 O-O 10. Nf3 Nc6 $146 ({Predecessor:} 10... Qb6 11. Rb1 Nc6 12. Nd2 Be6 13. O-O {0-1 (28) Dydyshko,V (2480)-Kharlov,A (2555) Swidnica 1997}) 11. O-O Bg4 12. h3 Bh5 13. Re1 Qa5 14. g4 Bg6 15. e5 Be7 16. Bxc6 bxc6 17. Qd7 Bd8 18. Rac1 Rb8 19. b3 ({Much weaker is} 19. Qxc6 Rb6 $15) 19... Qa6 20. e6 Rb7 21. Qd6 Bc7 22. Qd1 ({Much worse is} 22. Qxc5 Bb6 $15) 22... fxe6 23. Na4 Bb6 24. Rxe6 Rbf7 25. Rc3 {[#]} c4 $1 26. Nxb6 axb6 27. bxc4 Qxa2 28. Kg2 Rf4 29. Qe1 $15 (29. Re2 $5 {[%cal Re2a2]} Qa5 30. Rce3 $11) 29... Rxc4 30. Rxc6 Rxc6 31. Rxc6 Rxf3 32. Rc8+ Rf8 33. Rxf8+ Kxf8 34. Qb4+ Kg8 35. Qxb6 Qd5+ 36. f3 Be8 37. Qb8 Qd2+ 38. Kg3 Qe3 39. Kg2 h6 40. h4 Qe7 41. h5 Qf8 42. Qb3+ Bf7 43. Qd3 Qa8 44. Kg3 Qd5 45. Qc3 Qd6+ 46. Kg2 Bd5 47. Qc8+ Qf8 48. Qc3 Qe8 49. Kf2 Qc6 50. Qe3 Qf6 51. Kg3 Kf7 52. Kg2 Qd6 53. Qd3 Qe5 54. Kf2 Ke7 55. Kg2 Bc6 56. Qa3+ Ke6 57. Qd3 Bb5 58. Qb3+ Kf6 59. Qa3 Qe2+ 60. Kh3 Qf1+ 61. Kh2 Qf2+ 62. Kh1 Kg5 63. Qe7+ Kf4 64. Qc7+ Kxf3 65. Qc3+ Qe3 0-1

[Event "32nd Pula Open 2018"]
[Site "Pula"]
[Date "2018.06.30"]
[Round "9"]
[White "Beletic, Daniel"]
[Black "Zherebtsova, Alexandra"]
[Result "1-0"]
[WhiteElo "2370"]
[BlackElo "2195"]
[Annotator "NA"]
[PlyCount "97"]
[EventDate "2018.??.??"]
[EventCountry "CRO"]
[SourceTitle "playchess.com"]
[Source "ChessBase"]
[SourceQuality "1"]
[TimeControl "5400+30"]

1. d4 Nf6 2. Nf3 c5 3. d5 b5 4. Bg5 Qb6 5. Bxf6 Qxf6 6. c3 {LiveBook: 150 Games} g6 7. e4 {A43: Schmid Benoni} Qb6 8. a4 bxa4 9. Na3 d6 $146 ({Predecessor:} 9... Qxb2 10. Nb5 Bg7 11. e5 a6 12. Rb1 Qxb5 13. Bxb5 axb5 14. Rxb5 {1-0 (34) Riazantsev,A (2679)-Vaisser,A (2533) Mulhouse 2011}) 10. Qxa4+ Bd7 11. Bb5 Bg7 12. Bxd7+ Nxd7 13. Nc4 Qd8 14. Qa5 Qb8 15. Qa4 Qd8 16. Na5 O-O 17. Nc6 Qe8 18. O-O a6 19. Nd2 Nb8 20. Na5 Qb5 21. Ndc4 f5 22. Qc2 Nd7 23. f4 Nb6 24. Nxb6 Qxb6 25. Rfe1 fxe4 26. Rxe4 c4+ 27. Kh1 Qb5 28. Nxc4 Rac8 $18 (28... g5 $14) 29. Ne3 e5 30. dxe6 d5 31. Rea4 d4 32. Ra5 Qe8 33. Nd5 Qxe6 34. c4 Rfe8 35. h3 Qe2 36. Qxe2 Rxe2 37. Rxa6 d3 38. Rd1 Rxc4 39. Ra8+ Kf7 40. Ra7+ Kf8 41. Rxd3 Rxb2 42. Nb6 Rd4 43. Nd7+ Ke8 44. Re3+ Kd8 45. Nc5 Rd1+ 46. Kh2 Bh6 47. Ne6+ Kc8 48. Rxh7 Rdd2 49. Rg3 1-0

[Event "32nd Pula Open 2018"]
[Site "Pula"]
[Date "2018.06.30"]
[Round "9"]
[White "Ostovic, Matija"]
[Black "Saric, Ante"]
[Result "0-1"]
[WhiteElo "2352"]
[BlackElo "2543"]
[Annotator "ChessBase"]
[PlyCount "132"]
[EventDate "2018.??.??"]
[EventCountry "CRO"]
[SourceTitle "playchess.com"]
[Source "ChessBase"]
[SourceQuality "1"]
[TimeControl "5400+30"]

1. d4 Nf6 2. c4 e6 3. Nf3 d5 4. e3 Be7 5. b3 O-O 6. Bd3 c5 7. O-O cxd4 8. exd4 Nc6 9. Bb2 b6 10. Nc3 Bb7 11. Re1 Nb4 12. Be2 Rc8 13. Ne5 dxc4 14. bxc4 Ne4 15. Nxe4 Bxe4 16. Bg4 Bc2 17. Qf3 f5 18. Bh5 Ba4 19. d5 exd5 20. Bf7+ Rxf7 21. Nxf7 Qf8 22. Qxf5 Re8 23. Nh6+ gxh6 24. Qg4+ Bg5 25. h4 Nd3 26. Rxe8 Bxe8 27. Bd4 Qf4 28. Qe2 Qxd4 29. Qxe8+ Kg7 30. Qd7+ Kf8 31. Qc8+ Ke7 32. Qc7+ Ke8 33. Qc6+ Kf7 34. Rf1 Bxh4 35. g3 Bf6 36. cxd5 Qe4 37. Qc2 Bd4 38. Rd1 Bxf2+ 39. Kf1 Be3 40. Qc7+ Kg6 41. Qd6+ Kh5 42. g4+ Kh4 43. Qh2+ Kxg4 44. Qg2+ Qxg2+ 45. Kxg2 Nf4+ 46. Kf1 Bc5 47. d6 Ne6 48. d7 Be7 49. Rd5 Kf4 50. a4 Ke4 51. Rd2 Ke5 52. a5 bxa5 53. Ra2 Bd8 54. Rh2 a4 55. Ke2 a3 56. Kd3 Kd6 57. Kc4 Kxd7 58. Kb3 Bg5 59. Kxa3 Ke7 60. Kb3 Kf6 61. Rf2+ Kg6 62. Ra2 Be3 63. Kc4 Bb6 64. Rg2+ Kf5 65. Rh2 Kg6 66. Rg2+ Ng5 0-1

[Event "32nd Pula Open 2018"]
[Site "Pula"]
[Date "2018.06.30"]
[Round "9"]
[White "Krsnik Cohar, Ivan Vihor"]
[Black "Horton, Andrew P"]
[Result "1/2-1/2"]
[WhiteElo "2309"]
[BlackElo "2407"]
[Annotator "ChessBase"]
[PlyCount "22"]
[EventDate "2018.??.??"]
[EventCountry "CRO"]
[SourceTitle "playchess.com"]
[Source "ChessBase"]
[SourceQuality "1"]
[TimeControl "5400+30"]

1. c4 c5 2. g3 g6 3. Bg2 Bg7 4. Nc3 Nc6 5. e3 e6 6. Nge2 Nge7 7. d4 cxd4 8. exd4 d5 9. cxd5 Nxd5 10. Nxd5 exd5 11. O-O O-O 1/2-1/2